| 000 | 01769cam a2200313 a 4500 | ||
|---|---|---|---|
| 005 | 20260322212046.0 | ||
| 008 | data | ||
| 010 | _a 2009014945 | ||
| 020 | _a9781416599142 (hbk.) | ||
| 020 | _a1416599142 | ||
| 040 |
_aDLC _cDLC _dDLC _dBTCTA _dYDXCP _dLIQ _dB2A _dUPZ _dIHI _dORX _dVP@ _dDLC |
||
| 043 | _an-us--- | ||
| 050 | 0 | 0 |
_aPN2287.G514 _bA3 2009 |
| 100 | 1 |
_aGilbert, Melissa, _d1964- |
|
| 245 | 1 | 0 |
_aPrairie tale : _ba memoir / _cMelissa Gilbert. |
| 250 | _a1st Simon Spotlight Entertainment hardcover ed. | ||
| 260 |
_aNew York : _bSimon Spotlight Entertainment, _c2009. |
||
| 300 |
_axiii, 367 p., [8] p. of plates : _bill. (chiefly col.) ; _c25 cm. |
||
| 520 | _aA fascinating, heartbreaking, and ultimately uplifting tale of self-discovery from the beloved actress who earned a permanent place in the hearts of millions when she was just a child playing the role of buck-toothed Laura "Half-pint" Ingalls on "Little House on the Prairie." | ||
| 600 | 1 | 0 |
_aGilbert, Melissa, _d1964- |
| 650 | 0 |
_aTelevision actors and actresses _zUnited States _vBiography. |
|
| 856 | 4 | 2 |
_3Contributor biographical information _uhttp://www.loc.gov/catdir/enhancements/fy0908/2009014945-b.html |
| 856 | 4 | 2 |
_3Publisher description _uhttp://www.loc.gov/catdir/enhancements/fy0909/2009014945-d.html |
| 856 | 4 | 1 |
_3Sample text _uhttp://www.loc.gov/catdir/enhancements/fy0912/2009014945-s.html |
| 906 |
_a7 _bcbc _corignew _d1 _eecip _f20 _gy-gencatlg |
||
| 925 | 0 |
_aacquire _b2 shelf copies _xpolicy default |
|
| 955 |
_drg03 2009-04-16 _erg03 2009-04-16 to CIP (Dewey completed) _frc10 2009-09-01 Z-CipVer _tre12 2010-02-23 copy 2 to BCCD |
||
| 001 | data | ||
| 999 |
_c1089 _d1089 |
||